Word Ladder: eReaders Quiz Stats

 Plays Quiz Updated May 14, 2012

Support Sporcle.
Go Orange.
Score 0/14 Timer 02:00
0 Plays Today
Clue Answer % Correct
Prepare a mealCOOK
93.6%
Split in the roadFORK
92.1%
Place to visit on the internetSITE
92.1%
Places for massages and facialsSPAS
91.5%
Caribbean, Coral and CaspianSEAS
91.4%
'Heads up!', on the fairwayFORE
89.7%
Amazon eReader Kindle ____•FIRE•
89.3%
Clue Answer % Correct
Match divisions, in tennisSETS
87.8%
City in southern IrelandCORK
87.6%
Poses for an artistSITS
85.4%
Term for father, in breedingSIRE
83.3%
Apple eReader•iPAD•
78.1%
Barnes & Noble eReader•NOOK•
75.4%
Some beer varietiesIPAS
69.7%

Today's Daily Dose

Missing Word
'80s Musicals

Word Ladder
Hereditary

Get the Picture
Food Names

From the Vault

Rolling Stones Songs by Image

by I-Am-Batman

Music 3m
We're not sure why you're rolling that rock around, but whatever helps you get through the day.
Remove Ads.
Support Sporcle.
Get the best of Sporcle when you Go Orange. This ad-free experience offers more features, more stats, and more fun while also helping to support Sporcle. Thank you for becoming a member.

Show Comments

Extras

Top Quizzes Today


Score Distribution

Your Account Isn't Verified!

In order to create a playlist on Sporcle, you need to verify the email address you used during registration. Go to your Sporcle Settings to finish the process.

Report this User

Report this user for behavior that violates our Community Guidelines.

Details: